MARC

LEADER 00000nam0a2200000 4500
001 184112
005 20231101223824.0
035 |a (RuTPU)RU\TPU\book\199593 
090 |a 184112 
100 |a 20100827d1956 m y0rusy50 ca 
101 0 |a rus 
102 |a RU 
105 |a a j 001zy 
200 1 |a Основы физической и коллоидной химии  |e учебник  |f С. А. Балезин, Г. С. Парфенов 
210 |a Москва  |c Учпедгиз  |d 1956 
215 |a 368 с.  |c ил. 
320 |a Библиогр.: с. 364-365. 
606 1 |a Физическая химия  |2 stltpush  |3 (RuTPU)RU\TPU\subj\67669  |9 83390 
606 1 |a Коллоидная химия  |2 stltpush  |3 (RuTPU)RU\TPU\subj\68635  |9 83831 
610 1 |a агрегатные состояния 
610 1 |a химия 
610 1 |a учебники 
610 1 |a термохимия 
610 1 |a химическое равновесие 
610 1 |a фотохимия 
610 1 |a растворы 
610 1 |a водные растворы 
610 1 |a электродвижущие силы 
610 1 |a поверхностные явления 
610 1 |a коллоидные системы 
610 1 |a оптические системы 
610 1 |a эмульсии 
610 1 |a гели 
610 1 |a пены 
675 |a 544(075.8)  |v 3 
675 |a 544.7(075.8)  |v 3 
700 1 |a Балезин  |b С. А.  |g Степан Афанасьевич 
701 1 |a Парфенов  |b Г. С.  |g Григорий Степанович 
801 1 |a RU  |b 63413507  |c 20100827 
801 2 |a RU  |b 63413507  |c 20130522  |g RCR 
942 |c BK